<?xml version="1.0" encoding="UTF-8"?>
<record
    xmlns:xsi="http://www.w3.org/2001/XMLSchema-instance"
    xsi:schemaLocation="http://www.loc.gov/MARC21/slim http://www.loc.gov/standards/marcxml/schema/MARC21slim.xsd"
    xmlns="http://www.loc.gov/MARC21/slim">

  <leader>01225nam a22003377a 4500</leader>
  <controlfield tag="003">CHAP</controlfield>
  <controlfield tag="005">20220329134109.0</controlfield>
  <controlfield tag="008">971013s1971            r     00010     d</controlfield>
  <datafield tag="010" ind1=" " ind2=" ">
    <subfield code="a">15303</subfield>
  </datafield>
  <datafield tag="011" ind1=" " ind2=" ">
    <subfield code="a">16275</subfield>
  </datafield>
  <datafield tag="035" ind1=" " ind2=" ">
    <subfield code="a">20354</subfield>
  </datafield>
  <datafield tag="040" ind1=" " ind2=" ">
    <subfield code="c">CHAP</subfield>
  </datafield>
  <datafield tag="082" ind1=" " ind2=" ">
    <subfield code="a">691.12</subfield>
    <subfield code="b">H5</subfield>
  </datafield>
  <datafield tag="100" ind1="0" ind2="0">
    <subfield code="a">Hickin, Norman E.</subfield>
    <subfield code="9">55153</subfield>
  </datafield>
  <datafield tag="245" ind1=" " ind2=" ">
    <subfield code="a">Wood preservation; a guide to the meaning of terms</subfield>
  </datafield>
  <datafield tag="260" ind1=" " ind2=" ">
    <subfield code="a">London :</subfield>
    <subfield code="b">Hutchinson,</subfield>
    <subfield code="c">1971</subfield>
  </datafield>
  <datafield tag="300" ind1=" " ind2=" ">
    <subfield code="a">106 p.</subfield>
    <subfield code="b">: ilus.</subfield>
  </datafield>
  <datafield tag="590" ind1=" " ind2=" ">
    <subfield code="a">BATCH-UPD</subfield>
    <subfield code="b">10</subfield>
    <subfield code="c">20130109</subfield>
    <subfield code="l">UCH01</subfield>
    <subfield code="h">2321</subfield>
  </datafield>
  <datafield tag="590" ind1=" " ind2=" ">
    <subfield code="a">BATCH-UPD</subfield>
    <subfield code="b">10</subfield>
    <subfield code="c">20130110</subfield>
    <subfield code="l">UCH01</subfield>
    <subfield code="h">2301</subfield>
  </datafield>
  <datafield tag="590" ind1=" " ind2=" ">
    <subfield code="a">BATCH-UPD</subfield>
    <subfield code="b">10</subfield>
    <subfield code="c">20130410</subfield>
    <subfield code="l">UCH01</subfield>
    <subfield code="h">1553</subfield>
  </datafield>
  <datafield tag="590" ind1=" " ind2=" ">
    <subfield code="a">BATCH-UPD</subfield>
    <subfield code="b">10</subfield>
    <subfield code="c">20130914</subfield>
    <subfield code="l">UCH01</subfield>
    <subfield code="h">1613</subfield>
  </datafield>
  <datafield tag="590" ind1=" " ind2=" ">
    <subfield code="a">CONVERSION</subfield>
    <subfield code="b">10</subfield>
    <subfield code="c">20130109</subfield>
    <subfield code="l">UCH01</subfield>
    <subfield code="h">1310</subfield>
  </datafield>
  <datafield tag="650" ind1="1" ind2="4">
    <subfield code="a">Madera</subfield>
    <subfield code="x">Preservaci&#xF3;n</subfield>
    <subfield code="x">Terminolog&#xED;a.</subfield>
    <subfield code="9">69620</subfield>
  </datafield>
  <datafield tag="901" ind1=" " ind2=" ">
    <subfield code="a">BK</subfield>
  </datafield>
  <datafield tag="942" ind1=" " ind2=" ">
    <subfield code="c">LIBRO</subfield>
  </datafield>
  <datafield tag="949" ind1=" " ind2=" ">
    <subfield code="a">691.12 H5</subfield>
    <subfield code="b">BC</subfield>
    <subfield code="c">LIBRO</subfield>
    <subfield code="d">33724000147146</subfield>
    <subfield code="e">LIBRO</subfield>
    <subfield code="f">c.4</subfield>
    <subfield code="h">38554</subfield>
    <subfield code="i">20354</subfield>
    <subfield code="s">i</subfield>
  </datafield>
  <datafield tag="949" ind1=" " ind2=" ">
    <subfield code="a">691.12 H5</subfield>
    <subfield code="b">BC</subfield>
    <subfield code="c">LIBRO</subfield>
    <subfield code="d">33724000147260</subfield>
    <subfield code="e">LIBRO</subfield>
    <subfield code="f">c.3</subfield>
    <subfield code="h">38553</subfield>
    <subfield code="i">20354</subfield>
    <subfield code="s">i</subfield>
  </datafield>
  <datafield tag="949" ind1=" " ind2=" ">
    <subfield code="a">691.12 H5</subfield>
    <subfield code="b">BC</subfield>
    <subfield code="c">LIBRO</subfield>
    <subfield code="d">33724000147385</subfield>
    <subfield code="e">LIBRO</subfield>
    <subfield code="f">c.2</subfield>
    <subfield code="h">38552</subfield>
    <subfield code="i">20354</subfield>
    <subfield code="s">i</subfield>
  </datafield>
  <datafield tag="949" ind1=" " ind2=" ">
    <subfield code="a">691.12 H5</subfield>
    <subfield code="b">BC</subfield>
    <subfield code="c">LIBRO</subfield>
    <subfield code="d">33724000147500</subfield>
    <subfield code="e">LIBRO</subfield>
    <subfield code="h">38551</subfield>
    <subfield code="i">20354</subfield>
    <subfield code="s">i</subfield>
  </datafield>
  <datafield tag="949" ind1=" " ind2=" ">
    <subfield code="a">691.12 H5</subfield>
    <subfield code="b">BC</subfield>
    <subfield code="c">LIBRO</subfield>
    <subfield code="d">33724000373445</subfield>
    <subfield code="e">LIBRO</subfield>
    <subfield code="f">c.5</subfield>
    <subfield code="h">38555</subfield>
    <subfield code="i">20354</subfield>
    <subfield code="s">i</subfield>
  </datafield>
  <datafield tag="999" ind1=" " ind2=" ">
    <subfield code="c">15303</subfield>
    <subfield code="d">15303</subfield>
  </datafield>
  <datafield tag="952" ind1=" " ind2=" ">
    <subfield code="0">0</subfield>
    <subfield code="1">0</subfield>
    <subfield code="2">ddc</subfield>
    <subfield code="4">0</subfield>
    <subfield code="5">2</subfield>
    <subfield code="7">0</subfield>
    <subfield code="8">GRAL</subfield>
    <subfield code="a">BC</subfield>
    <subfield code="b">BC</subfield>
    <subfield code="c">PP_GRAL</subfield>
    <subfield code="d">2019-12-31</subfield>
    <subfield code="f">LIBRO</subfield>
    <subfield code="l">0</subfield>
    <subfield code="o">691.12 H5</subfield>
    <subfield code="p">33724000147146</subfield>
    <subfield code="r">2019-12-31 00:00:00</subfield>
    <subfield code="t">c.4</subfield>
    <subfield code="w">2019-12-31</subfield>
    <subfield code="y">LIBRO</subfield>
  </datafield>
  <datafield tag="952" ind1=" " ind2=" ">
    <subfield code="0">0</subfield>
    <subfield code="1">0</subfield>
    <subfield code="2">ddc</subfield>
    <subfield code="4">0</subfield>
    <subfield code="5">2</subfield>
    <subfield code="7">0</subfield>
    <subfield code="8">GRAL</subfield>
    <subfield code="a">BC</subfield>
    <subfield code="b">BC</subfield>
    <subfield code="c">PP_GRAL</subfield>
    <subfield code="d">2019-12-31</subfield>
    <subfield code="f">LIBRO</subfield>
    <subfield code="l">0</subfield>
    <subfield code="o">691.12 H5</subfield>
    <subfield code="p">33724000147260</subfield>
    <subfield code="r">2019-12-31 00:00:00</subfield>
    <subfield code="t">c.3</subfield>
    <subfield code="w">2019-12-31</subfield>
    <subfield code="y">LIBRO</subfield>
  </datafield>
  <datafield tag="952" ind1=" " ind2=" ">
    <subfield code="0">0</subfield>
    <subfield code="1">0</subfield>
    <subfield code="2">ddc</subfield>
    <subfield code="4">0</subfield>
    <subfield code="5">2</subfield>
    <subfield code="7">0</subfield>
    <subfield code="8">GRAL</subfield>
    <subfield code="a">BC</subfield>
    <subfield code="b">BC</subfield>
    <subfield code="c">PP_GRAL</subfield>
    <subfield code="d">2019-12-31</subfield>
    <subfield code="f">LIBRO</subfield>
    <subfield code="l">0</subfield>
    <subfield code="o">691.12 H5</subfield>
    <subfield code="p">33724000147385</subfield>
    <subfield code="r">2019-12-31 00:00:00</subfield>
    <subfield code="t">c.2</subfield>
    <subfield code="w">2019-12-31</subfield>
    <subfield code="y">LIBRO</subfield>
  </datafield>
  <datafield tag="952" ind1=" " ind2=" ">
    <subfield code="0">0</subfield>
    <subfield code="1">0</subfield>
    <subfield code="2">ddc</subfield>
    <subfield code="4">0</subfield>
    <subfield code="5">2</subfield>
    <subfield code="7">0</subfield>
    <subfield code="8">GRAL</subfield>
    <subfield code="a">BC</subfield>
    <subfield code="b">BC</subfield>
    <subfield code="c">PP_GRAL</subfield>
    <subfield code="d">2019-12-31</subfield>
    <subfield code="f">LIBRO</subfield>
    <subfield code="l">0</subfield>
    <subfield code="o">691.12 H5</subfield>
    <subfield code="p">33724000147500</subfield>
    <subfield code="r">2019-12-31 00:00:00</subfield>
    <subfield code="w">2019-12-31</subfield>
    <subfield code="y">LIBRO</subfield>
  </datafield>
  <datafield tag="952" ind1=" " ind2=" ">
    <subfield code="0">0</subfield>
    <subfield code="1">0</subfield>
    <subfield code="2">ddc</subfield>
    <subfield code="4">0</subfield>
    <subfield code="5">2</subfield>
    <subfield code="7">0</subfield>
    <subfield code="8">GRAL</subfield>
    <subfield code="a">BC</subfield>
    <subfield code="b">BC</subfield>
    <subfield code="c">PP_GRAL</subfield>
    <subfield code="d">2019-12-31</subfield>
    <subfield code="f">LIBRO</subfield>
    <subfield code="l">0</subfield>
    <subfield code="o">691.12 H5</subfield>
    <subfield code="p">33724000373445</subfield>
    <subfield code="r">2019-12-31 00:00:00</subfield>
    <subfield code="t">c.5</subfield>
    <subfield code="w">2019-12-31</subfield>
    <subfield code="y">LIBRO</subfield>
  </datafield>
</record>
